| 000 | 00474nam a2200157 a 4500 | ||
|---|---|---|---|
| 005 | 20140414093845.0 | ||
| 008 | 091013s19uu xx 00 eng d | ||
| 050 |
_aVCD 374.001 _bW63(3) 2000 |
||
| 100 | _aWiggins, Grant | ||
| 245 |
_aUnderstanding by design : _bRefining unit design / _cGrant Wiggins. |
||
| 650 |
_aCurriculum planning _xUnited States. |
||
| 650 |
_aCurriculum based-assessment _xUnited States. |
||
| 650 | _aLearning. | ||
| 942 | _cAVM | ||
| 999 |
_c109550 _d109550 |
||